000 00527nam a2200181Ia 4500
005 20250326124410.0
008 250326s9999 xx 000 0 und d
037 _aTextbook
040 _aFMSL
_beng
_cFMSL
041 _aeng
_2eng
084 _aX:75.44 L5
_qFMSL
100 _aStanislaus M S
_9737331
245 0 _aSoviet economic aid to India: analysis and evaluation
_cStanislaus M S
260 _aNew Delhi
_bNew Delhi, N V
_c1975
300 _a388p
942 _cTB
_hX:75.44 L5
999 _c1273557
_d1273557